Slováci hltajú antibiotika

Hoci spotreba antibiotík na Slovensku mierne klesá, lekári stále s predpisovaním antibiotík preháňajú. Porovnanie s Českom. Najpredávanejšie antibiotiká na Slovensku.

Guardado en:
Detalles Bibliográficos
Autor principal: Beer, Gabriel
Formato: Capítulo de libro
Lenguaje:eslovaco
Materias:
Etiquetas: Agregar Etiqueta
Sin Etiquetas, Sea el primero en etiquetar este registro!

MARC

LEADER 00000naa a2200000 4500
001 0159554
005 20231113080228.7
041 0 |a slo 
044 |a SK 
245 1 0 |a Slováci hltajú antibiotika  |c Gabriel Beer 
520 |a Hoci spotreba antibiotík na Slovensku mierne klesá, lekári stále s predpisovaním antibiotík preháňajú. Porovnanie s Českom. Najpredávanejšie antibiotiká na Slovensku. 
610 2 0 |a priemysel farmaceutický 
610 2 0 |a liečivá 
610 2 0 |a Slovensko 
100 1 |a Beer, Gabriel